Statistiques concernant Géographie européenne par lettre - U

Cliquez ici pour prendre le quiz!

Statistiques générales

  • Ce quiz a été pris 364 fois
  • Le résultat moyen est 6 sur 15

Statistiques - réponses

indicerépondre% Correct
Le royaume qui contient l'Angleterre et l'EcosseUni
83%
Fédération européenne de footballUEFA
76%
Ville allemande à 3 lettres avec l'église la plus haute du mondeUlm
71%
Elle borde la Slovaquie, la Hongrie et la RoumanieUkraine
61%
4ème plus grande ville des Pays-BasUtrecht
56%
Province irlandaise, et un terme familier pour l'Irlande du NordUlster
49%
Canton suisse à 3 lettresUri
48%
Ombrie en italienneUmbria
45%
Ville et province du nord-est de l'Italie, près de Trieste (voir carte)Udine
41%
4ème ville de SuèdeUppsala
27%
Hongrie en allemandUngarn
14%
L'évêque espagnol d'ici est le chef d'État conjoint d'AndorreUrgell
8%
Cette ville, Nouvelle Pest en français, a fusionné avec Budapest en 1950Újpest
5%
Île de 4 lettres, dans les Hébrides extérieures de l'EcosseUist
2%
2ème plus grand lac dans la Lake District d'Angleterre, après WindermereUllswater
1%

Distribution des résultats

Percentile par nombre de réponses

% des personnes avec chaque résultat

Votre développement - résultats

Vous n’avez pas pris ce quiz